00778nam a22001937a 450000500170000000800410001702000150005805000220007310000310009524501320012625000110025826000450026930000260031450400270034065000450036765000430041265001000045570000290055520200124134159.0200124b ag ||||| |||| 00| 0 spa d a950140859004aKHA3022bE36 19961 aEkmekdjian, Miguel Ángel10aHábeas data. El derecho a la intimidad frente a la revolución informáticac / Miguel Ángel Ekmekdjian, Calogero Pizzolo a1a ed. aBuenos Aires :bEdiciones Depalma,c1996 axiv, 115 p. ;c23 cm. aIncluye bibliografía 72lembaDerecho a la privacidadzArgentina 72lembaProtección de datoszArgentina 72lembaSistemas de almacenamiento y recuperación de la informaciónxLegislaciónzArgentina1 aPizzolo, Calogeroeautor